| 000 | 00877nas a2200301 4500 | ||
|---|---|---|---|
| 001 | BR0200852 | ||
| 003 | BR-BrBNA | ||
| 005 | 20231205102736.0 | ||
| 007 | ta | ||
| 008 | 230509b bl.|||p| |||| 00| 00por d | ||
| 040 |
_aBR-BrBNA _bpor _cBiblioteca Nacional de Agricultura |
||
| 041 | _a(Pt) | ||
| 072 | _aL72 | ||
| 100 | 1 | _aFreitas, J. de A. | |
| 100 | 1 | _aCorrea, F.M. | |
| 100 | 1 | _aBuhrer, S.C. | |
| 100 | 1 | _aTury, E. | |
| 245 | 1 | _aLesão em peça de carne sugestiva de cisticercose bovina por Cysticercus tenuicollis | |
| 650 | _aBovino | ||
| 650 | _aCisticercose | ||
| 650 | _aCarne | ||
| 650 | _aLesão | ||
| 650 | _aHistopatologia | ||
| 650 | _aHigiene de Alimento | ||
| 773 | 0 |
_tRevista de Ciências Agrárias (Brazil) _xISSN 1517-591X _g(Jan-Jul 2001), (no.35) p. 97-99 _wBR0200852 |
|
| 909 |
_a202311 _bLúcia _c55 _dLúcia Elande |
||
| 942 |
_2AGRIS _n0 _cANA |
||
| 999 |
_c169100 _d169100 |
||